[Event "AUT-ch (Women)"]
[Site "Vienna"]
[Date "2010.07.28"]
[Round "5"]
[White "Moser, Eva"]
[Black "Horvath, Maria"]
[Result "1-0"]
[WhiteElo "2440"]
[BlackElo "2013"]
[PlyCount "97"]
[EventDate "2010.07.24"]
[EventType "swiss"]
[EventRounds "9"]
[EventCountry "AUT"]
[SourceTitle "CBM 137 Extra"]
[Source "ChessBase"]
[SourceDate "2010.09.01"]
[SourceVersion "1"]
[SourceVersionDate "2010.09.01"]
[SourceQuality "1"]

1. b3 d5 2. Bb2 Bg4 3. h3 Bh5 4. Nf3 e6 5. d3 Nd7 6. Nbd2 Ngf6 7. g3 c6 8. Bg2
Qc7 9. O-O Bc5 10. c4 O-O 11. Qc2 Rfe8 12. Rac1 a5 13. a3 Qd6 14. d4 Ba7 15. c5
Qe7 16. b4 axb4 17. axb4 Bb8 18. Rfe1 Bg6 19. Qb3 Ne4 20. b5 e5 21. e3 Nxd2 22.
Nxd2 exd4 23. exd4 Qd8 24. b6 f5 25. Nf3 Nf6 26. Nh4 Rxe1+ 27. Rxe1 Qd7 28. Bc1
Qf7 29. Nf3 Ne4 30. Ng5 Nxg5 31. Bxg5 f4 32. g4 h6 33. Bh4 Be4 34. f3 g5 35.
fxe4 gxh4 36. exd5 Kh8 37. Qf3 cxd5 38. Qxd5 Qxd5 39. Bxd5 f3 40. Bxf3 Bg3 41.
Rd1 Rb8 42. Kg2 Kg7 43. Rd2 Kf6 44. Re2 Bf4 45. Re4 Bd2 46. d5 Rc8 47. c6 Ba5
48. c7 Bxb6 49. Re6+ 1-0

[Event "AUT-ch (Women)"]
[Site "Vienna"]
[Date "2010.07.27"]
[Round "4"]
[White "Novkovic, Julia"]
[Black "Moser, Eva"]
[Result "1-0"]
[WhiteElo "2157"]
[BlackElo "2440"]
[PlyCount "93"]
[EventDate "2010.07.24"]
[EventType "swiss"]
[EventRounds "9"]
[EventCountry "AUT"]
[SourceTitle "CBM 137 Extra"]
[Source "ChessBase"]
[SourceDate "2010.09.01"]
[SourceVersion "1"]
[SourceVersionDate "2010.09.01"]
[SourceQuality "1"]

1. e4 e6 2. d4 d5 3. exd5 exd5 4. Bd3 c5 5. Nf3 c4 6. Be2 Bd6 7. Nc3 Ne7 8. O-O
a6 9. Bg5 Be6 10. Bh4 O-O 11. Bg3 Nbc6 12. Bxd6 Qxd6 13. Qd2 Nf5 14. Nd1 b5 15.
Ne3 Nxe3 16. Qxe3 Rfe8 17. Qd2 Bg4 18. Rfe1 Re4 19. c3 Rae8 20. h3 Bh5 21. g4
Bxg4 22. hxg4 Rxg4+ 23. Kf1 Re6 24. Ne5 Rh4 25. Bf3 Ne7 26. Ng4 Rg6 27. Qe3 Kf8
28. Ne5 Rgh6 29. Ke2 Nf5 30. Qg5 g6 31. Ng4 R6h5 32. Qf6 Qxf6 33. Nxf6 Rh6 34.
Rh1 g5 35. Rxh4 Nxh4 36. Nxd5 f5 37. Bh1 f4 38. Kd2 Rd6 39. Re1 f3 40. Re5 h6
41. Ne3 Rf6 42. d5 Kf7 43. Ng4 Rd6 44. Ke3 h5 45. Nh2 Kf6 46. Ke4 g4 47. Rxh5
1-0

[Event "AUT-ch (Women)"]
[Site "Vienna"]
[Date "2010.07.26"]
[Round "3"]
[White "Moser, Eva"]
[Black "Kopinits, Anna Christina"]
[Result "1/2-1/2"]
[WhiteElo "2440"]
[BlackElo "2187"]
[PlyCount "129"]
[EventDate "2010.07.24"]
[EventType "swiss"]
[EventRounds "9"]
[EventCountry "AUT"]
[SourceTitle "CBM 137 Extra"]
[Source "ChessBase"]
[SourceDate "2010.09.01"]
[SourceVersion "1"]
[SourceVersionDate "2010.09.01"]
[SourceQuality "1"]

1. g3 Nf6 2. Bg2 d5 3. Nf3 c6 4. O-O Bg4 5. d3 Nbd7 6. Nbd2 e5 7. e4 dxe4 8.
dxe4 Bc5 9. h3 Bh5 10. Qe1 O-O 11. Nb3 Bxf3 12. Bxf3 Bb6 13. a4 a5 14. Qe2 Re8
15. Rd1 Qe7 16. Nd2 Nf8 17. Nc4 Bc5 18. c3 N6d7 19. Bg2 Nb6 20. Ne3 g6 21. Nc4
Qe6 22. Bf1 Kg7 23. Bd2 Red8 24. Kg2 Nxc4 25. Qxc4 Qxc4 26. Bxc4 Kf6 27. f4
exf4 28. gxf4 Ne6 29. Kf3 Bb6 30. Be1 g5 31. f5 Nc5 32. Bg3 Rxd1 33. Rxd1 Rd8
34. Rxd8 Bxd8 35. b3 b5 36. axb5 cxb5 37. Bxb5 Nxb3 38. Kg4 h5+ 39. Kxh5 Nc5
40. Bc6 Nd3 41. h4 g4 42. Kxg4 Ne5+ 43. Bxe5+ Kxe5 44. h5 Bf6 45. h6 Kd6 46.
Bd5 Bxc3 47. Bxf7 Ke7 48. Bc4 a4 49. Bb5 a3 50. Bc4 Bb2 51. Kg5 Bc3 52. f6+
Bxf6+ 53. Kf5 Bh8 54. e5 Kd7 55. Bd5 Ke7 56. Be6 Kf8 57. Bb3 Ke7 58. Ke4 Kd7
59. Kd5 Ke7 60. Ba2 Kd7 61. Ke4 Ke7 62. Kf5 Kd7 63. h7 Ke7 64. Bb3 Bg7 65. e6
1/2-1/2

[Event "AUT-ch (Women)"]
[Site "Vienna"]
[Date "2010.07.25"]
[Round "2"]
[White "Newrkla, Katharina"]
[Black "Moser, Eva"]
[Result "0-1"]
[WhiteElo "2105"]
[BlackElo "2440"]
[PlyCount "88"]
[EventDate "2010.07.24"]
[EventType "swiss"]
[EventRounds "9"]
[EventCountry "AUT"]
[SourceTitle "CBM 137 Extra"]
[Source "ChessBase"]
[SourceDate "2010.09.01"]
[SourceVersion "1"]
[SourceVersionDate "2010.09.01"]
[SourceQuality "1"]

1. e4 g6 2. d4 Bg7 3. Nc3 d6 4. f4 c6 5. Nf3 Bg4 6. Be2 Qb6 7. e5 Nh6 8. Ne4
O-O 9. Be3 Qxb2 10. Rb1 Qxa2 11. Rxb7 Nf5 12. Bf2 Qa5+ 13. Qd2 Qa1+ 14. Qd1
Qxd1+ 15. Kxd1 Rd8 16. Ke1 Nd7 17. h3 Bxf3 18. Bxf3 d5 19. Nd2 Bf8 20. Ke2 Ng7
21. Ra1 Ne6 22. g3 h5 23. f5 gxf5 24. Bxh5 a5 25. Bf3 Ng5 26. Bg2 e6 27. g4
fxg4 28. hxg4 Kg7 29. Bh4 Kg6 30. Nf3 Bh6 31. Rc7 c5 32. dxc5 Rac8 33. Rxc8
Rxc8 34. Rxa5 Nxf3 35. Bxf3 Nxe5 36. Bf2 Bf8 37. Ra6 Nxf3 38. Kxf3 Bxc5 39.
Bxc5 Rxc5 40. Ra2 Kg5 41. Ra7 Rc3+ 42. Ke2 Rxc2+ 43. Ke3 Rc3+ 44. Ke2 f5 0-1

[Event "AUT-ch (Women)"]
[Site "Vienna"]
[Date "2010.07.24"]
[Round "1"]
[White "Moser, Eva"]
[Black "Klinkan, Elisabeth"]
[Result "1-0"]
[WhiteElo "2440"]
[BlackElo "1963"]
[PlyCount "93"]
[EventDate "2010.07.24"]
[EventType "swiss"]
[EventRounds "9"]
[EventCountry "AUT"]
[SourceTitle "CBM 137 Extra"]
[Source "ChessBase"]
[SourceDate "2010.09.01"]
[SourceVersion "1"]
[SourceVersionDate "2010.09.01"]
[SourceQuality "1"]

1. e3 d5 2. f4 Nf6 3. a4 c6 4. Nf3 Nbd7 5. b3 Qc7 6. Bb2 e6 7. d4 Ne4 8. Bd3
Ndf6 9. O-O Be7 10. Nbd2 Ng4 11. Qe2 f5 12. Ba3 O-O 13. Bxe7 Qxe7 14. Rfc1 Nef2
15. h3 Nxd3 16. Qxd3 Nf6 17. Ne5 Bd7 18. c4 Be8 19. c5 Ne4 20. Nxe4 fxe4 21.
Qe2 Rc8 22. b4 a6 23. Rab1 Rc7 24. Rf1 Qh4 25. Kh2 g6 26. g3 Qe7 27. Rf2 Kg7
28. Qf1 h5 29. h4 Rh8 30. Qh3 Qf6 31. Kh1 Kf8 32. Rh2 Rch7 33. Qf1 Qf5 34. Qe2
Ke7 35. Kg1 Kd8 36. Kf1 Ke7 37. Ke1 Kd8 38. Kd2 Kc7 39. Kc3 Kb8 40. Qf1 Rf8 41.
Rhb2 Rc7 42. b5 cxb5 43. axb5 axb5 44. Rxb5 Bxb5 45. Qxb5 Kc8 46. Qa5 Kd8 47.
Rxb7 1-0

[Event "Oberwart op"]
[Site "Oberwart"]
[Date "2010.07.18"]
[Round "9"]
[White "Moser, Eva"]
[Black "Pergel, Laszlo"]
[Result "1/2-1/2"]
[WhiteElo "2440"]
[BlackElo "2277"]
[PlyCount "168"]
[EventDate "2010.07.10"]
[EventType "swiss"]
[EventRounds "9"]
[EventCountry "AUT"]
[SourceTitle "CBM 137 Extra"]
[Source "ChessBase"]
[SourceDate "2010.09.01"]
[SourceVersion "1"]
[SourceVersionDate "2010.09.01"]
[SourceQuality "1"]

1. e4 c5 2. c3 Nf6 3. e5 Nd5 4. d4 cxd4 5. Nf3 e6 6. cxd4 d6 7. Bc4 Nb6 8. Bd3
Nc6 9. O-O Nb4 10. Be2 dxe5 11. Nxe5 Bd6 12. Nc3 Nc6 13. Nf3 Nd5 14. Bg5 Be7
15. Be3 O-O 16. Rc1 Bf6 17. Ne4 Be7 18. Nc5 Nb8 19. Bd3 b6 20. Ne4 Bb7 21. Bb1
Nd7 22. a3 N7f6 23. Qd3 Nxe4 24. Qxe4 g6 25. Bh6 Re8 26. Bd3 a6 27. Ne5 Bf8 28.
Bxf8 Rxf8 29. Rfe1 Qe7 30. Qg4 Rac8 31. Rcd1 Rfd8 32. h4 Qf6 33. Be4 Rc7 34. g3
Rdc8 35. Qe2 h5 36. Qd2 Qe7 37. Qh6 Qf8 38. Qd2 Qe7 39. Kh2 Nf6 40. Bxb7 Rxb7
41. Qd3 b5 42. Kg1 Kg7 43. Qf3 Nd5 44. Nd3 Qf6 45. Qxf6+ Nxf6 46. Nc5 Rb6 47.
Kg2 Rd8 48. Kf3 Rd5 49. Re5 Rbd6 50. Rxd5 Nxd5 51. Nb3 Nb6 52. Na5 Rd7 53. Ke4
Rc7 54. Kd3 Kf6 55. Re1 Na4 56. Re2 Nb6 57. Nb3 Rc6 58. Nc5 Nd5 59. Nd7+ Ke7
60. Nc5 Kd6 61. Rc2 Ke7 62. Rc1 Nf6 63. f3 Nd5 64. Ra1 Rd6 65. Re1 Rb6 66. Ke4
Nf6+ 67. Kd3 Nd5 68. Ra1 Rd6 69. a4 Nb4+ 70. Kc3 Nd5+ 71. Kb3 Nc7 72. Rd1 bxa4+
73. Nxa4 Nb5 74. Kc4 Rc6+ 75. Nc5 Nd6+ 76. Kd3 Nf5 77. Ne4 Rb6 78. Kc3 Rc6+ 79.
Kd3 Rb6 80. Kc3 Rc6+ 81. Kd3 Rb6 82. Kc3 Ne3 83. Ra1 Nd5+ 84. Kc2 Ke8 1/2-1/2

[Event "Oberwart op"]
[Site "Oberwart"]
[Date "2010.07.17"]
[Round "8"]
[White "Platzgummer, Fabian"]
[Black "Moser, Eva"]
[Result "1/2-1/2"]
[WhiteElo "2351"]
[BlackElo "2440"]
[PlyCount "44"]
[EventDate "2010.07.10"]
[EventType "swiss"]
[EventRounds "9"]
[EventCountry "AUT"]
[SourceTitle "CBM 137 Extra"]
[Source "ChessBase"]
[SourceDate "2010.09.01"]
[SourceVersion "1"]
[SourceVersionDate "2010.09.01"]
[SourceQuality "1"]

1. Nf3 d5 2. d4 Nf6 3. c4 c6 4. cxd5 cxd5 5. Nc3 Nc6 6. Bf4 e6 7. e3 a6 8. Bd3
Be7 9. h3 O-O 10. O-O b5 11. Rc1 Bb7 12. Ne5 Nxe5 13. Bxe5 Rc8 14. Ne2 Qa5 15.
Rxc8 Rxc8 16. Qb1 g6 17. Rc1 Qd8 18. Rxc8 Qxc8 19. Qc1 Ne4 20. f3 Nd6 21. Qxc8+
Bxc8 22. b3 h5 1/2-1/2

[Event "Oberwart op"]
[Site "Oberwart"]
[Date "2010.07.16"]
[Round "7"]
[White "Shengelia, Davit"]
[Black "Moser, Eva"]
[Result "1-0"]
[WhiteElo "2582"]
[BlackElo "2440"]
[PlyCount "145"]
[EventDate "2010.07.10"]
[EventType "swiss"]
[EventRounds "9"]
[EventCountry "AUT"]
[SourceTitle "CBM 137 Extra"]
[Source "ChessBase"]
[SourceDate "2010.09.01"]
[SourceVersion "1"]
[SourceVersionDate "2010.09.01"]
[SourceQuality "1"]

1. d4 d5 2. Nf3 Nf6 3. e3 Bf5 4. c4 c6 5. Nc3 e6 6. Nh4 Bg6 7. Qb3 Qc7 8. Nxg6
hxg6 9. g3 Nbd7 10. Bd2 Nb6 11. cxd5 exd5 12. Rd1 a5 13. Bg2 Bb4 14. O-O O-O
15. f3 c5 16. a3 a4 17. Qa2 Ba5 18. Rfe1 cxd4 19. exd4 Nc4 20. Bf4 Qd7 21. Bf1
Rac8 22. Rc1 Bb6 23. Red1 Rfe8 24. b3 axb3 25. Qxb3 Ba5 26. Qb5 Bxc3 27. Qxd7
Nxd7 28. Rxc3 Ndb6 29. Rb3 Rc6 30. Rdb1 Ra8 31. Bc1 Ra6 32. Rb5 Ra4 33. Kg2 Re6
34. h4 Ra5 35. Kf2 Rxb5 36. Rxb5 Kf8 37. Bxc4 Nxc4 38. Rxd5 Ra6 39. Rb5 Nxa3
40. Rxb7 Nc4 41. Ke2 Nd6 42. Rb8+ Ke7 43. g4 Ra2+ 44. Kd3 Rf2 45. Bg5+ Ke6 46.
Ke3 Ra2 47. Bf4 Ra3+ 48. Kf2 Rd3 49. Be5 Nc4 50. Bxg7 f5 51. gxf5+ gxf5 52. Rf8
Rd2+ 53. Kg3 Ne3 54. Be5 Rg2+ 55. Kh3 Rf2 56. Rf6+ Ke7 57. f4 Rf3+ 58. Kh2 Rf2+
59. Kg3 Rf1 60. h5 Rh1 61. Kf3 Rh3+ 62. Ke2 Nd5 63. Rh6 Rh4 64. Kf3 Rh3+ 65.
Kg2 Rh4 66. Kg3 Rh1 67. Rh8 Kf7 68. Rh7+ Ke6 69. Rh8 Kf7 70. h6 Ne7 71. Bg7 Ng8
72. d5 Nf6 73. Rf8+ 1-0

[Event "Oberwart op"]
[Site "Oberwart"]
[Date "2010.07.15"]
[Round "6"]
[White "Moser, Eva"]
[Black "Fauland, Alexander"]
[Result "1/2-1/2"]
[WhiteElo "2440"]
[BlackElo "2406"]
[PlyCount "93"]
[EventDate "2010.07.10"]
[EventType "swiss"]
[EventRounds "9"]
[EventCountry "AUT"]
[SourceTitle "CBM 137 Extra"]
[Source "ChessBase"]
[SourceDate "2010.09.01"]
[SourceVersion "1"]
[SourceVersionDate "2010.09.01"]
[SourceQuality "1"]

1. g3 Nf6 2. Bg2 d5 3. Nf3 c6 4. O-O Bf5 5. d3 e6 6. Nbd2 Be7 7. Qe1 h6 8. e4
Bh7 9. Ne5 Nbd7 10. Nxd7 Nxd7 11. f4 O-O 12. Kh1 dxe4 13. dxe4 Nc5 14. Qe3 a5
15. a4 b5 16. b3 Qb6 17. Ba3 Rfd8 18. Rfd1 b4 19. Nc4 Rxd1+ 20. Rxd1 Rd8 21.
Rd4 Rxd4 22. Qxd4 Qd8 23. Bb2 Qf8 24. h3 Bf6 25. e5 Bd8 26. Nd6 Bb6 27. Qc4 Qd8
28. Bxc6 Nd7 29. f5 Bxf5 30. Nxf5 exf5 31. Qd3 Nf8 32. Qxd8 Bxd8 33. c3 Ne6 34.
cxb4 axb4 35. Bd5 Kf8 36. Bxe6 fxe6 37. Bd4 Ke8 38. Bc5 Ba5 39. Kg2 h5 40. Kf3
g5 41. Ke3 Kd7 42. Kd3 Kc6 43. Be3 g4 44. hxg4 hxg4 45. Kc4 Bb6 46. Bf4 Ba5 47.
Kd4 1/2-1/2

[Event "Oberwart op"]
[Site "Oberwart"]
[Date "2010.07.13"]
[Round "4"]
[White "Poetz, Florian"]
[Black "Moser, Eva"]
[Result "0-1"]
[WhiteElo "2347"]
[BlackElo "2440"]
[PlyCount "96"]
[EventDate "2010.07.10"]
[EventType "swiss"]
[EventRounds "9"]
[EventCountry "AUT"]
[SourceTitle "CBM 137 Extra"]
[Source "ChessBase"]
[SourceDate "2010.09.01"]
[SourceVersion "1"]
[SourceVersionDate "2010.09.01"]
[SourceQuality "1"]

1. e4 e6 2. d4 d5 3. Nc3 Nf6 4. e5 Nfd7 5. Nce2 c5 6. f4 Nc6 7. c3 Be7 8. Nf3
O-O 9. a3 a5 10. Ng3 cxd4 11. cxd4 f5 12. b3 a4 13. b4 Nb6 14. Ne2 Bd7 15. Nc3
Na7 16. Bb2 Qe8 17. Bd3 Nb5 18. Qe2 Nxc3 19. Bxc3 Rc8 20. Bd2 Nc4 21. O-O Nb2
22. Rfc1 Rxc1+ 23. Rxc1 Nxd3 24. Qxd3 Bb5 25. Qe3 Bc4 26. h3 h6 27. Kf2 Qh5 28.
Rh1 Rc8 29. Ne1 Qd1 30. Rg1 Bb5 31. Nd3 Qb3 32. Nc5 Qa2 33. Rc1 b6 34. Nd3 Rc2
35. Rxc2 Qxc2 36. Nc1 Bc4 37. Kg1 b5 38. Be1 Bd8 39. Qd2 Qb1 40. Bf2 Bb6 41.
Kh2 Qa1 42. Qe3 Qb2 43. g4 Qc2 44. Kg3 Bd8 45. gxf5 Qxf5 46. Ne2 g5 47. fxg5
Bxg5 48. Nf4 Bf1 0-1

[Event "Oberwart op"]
[Site "Oberwart"]
[Date "2010.07.12"]
[Round "3"]
[White "Moser, Eva"]
[Black "Schneider Zinner, Harald"]
[Result "1/2-1/2"]
[WhiteElo "2440"]
[BlackElo "2343"]
[PlyCount "72"]
[EventDate "2010.07.10"]
[EventType "swiss"]
[EventRounds "9"]
[EventCountry "AUT"]
[SourceTitle "CBM 137 Extra"]
[Source "ChessBase"]
[SourceDate "2010.09.01"]
[SourceVersion "1"]
[SourceVersionDate "2010.09.01"]
[SourceQuality "1"]

1. b3 d5 2. Bb2 Bg4 3. d4 e6 4. Qd2 Nf6 5. f3 Bf5 6. Nc3 c5 7. e4 dxe4 8. fxe4
Nxe4 9. Bb5+ Nc6 10. Bxc6+ bxc6 11. Nxe4 Bxe4 12. Qe2 Bg6 13. O-O-O Qa5 14. h4
h5 15. Nf3 Qxa2 16. d5 Bd6 17. Ne5 Bxe5 18. Qxe5 cxd5 19. Rxd5 Qa6 20. Rd6 Qb7
21. Qxg7 Rh7 22. Qc3 Qb4 23. Qxb4 cxb4 24. Bf6 Be4 25. Re1 Bb7 26. Re5 Rh6 27.
Bg5 Rg6 28. Rc5 Bd5 29. Rc7 f6 30. Be3 Rd8 31. Ra6 Rd7 32. Rxd7 Kxd7 33. Rxa7+
Kc6 34. Ra6+ Kb5 35. Rb6+ Ka5 36. Bc5 Rg4 1/2-1/2

[Event "Oberwart op"]
[Site "Oberwart"]
[Date "2010.07.11"]
[Round "2"]
[White "Wiedermann, Daniel"]
[Black "Moser, Eva"]
[Result "0-1"]
[WhiteElo "2198"]
[BlackElo "2440"]
[PlyCount "60"]
[EventDate "2010.07.10"]
[EventType "swiss"]
[EventRounds "9"]
[EventCountry "AUT"]
[SourceTitle "CBM 137 Extra"]
[Source "ChessBase"]
[SourceDate "2010.09.01"]
[SourceVersion "1"]
[SourceVersionDate "2010.09.01"]
[SourceQuality "1"]

1. d4 e6 2. c4 f5 3. g3 Nf6 4. Bg2 d5 5. Nf3 c6 6. O-O Bd6 7. b3 Qe7 8. Bb2 b6
9. Nbd2 Bb7 10. Ne5 O-O 11. Qc2 a5 12. f3 Na6 13. Rae1 Rac8 14. e4 fxe4 15.
fxe4 Bxe5 16. exd5 Bxg3 17. hxg3 cxd5 18. Qf5 Ne4 19. Qg4 Nxd2 20. Rxf8+ Rxf8
21. cxd5 Qf7 22. Qxe6 Qxe6 23. Rxe6 Nb4 24. Rxb6 Bxd5 25. Bxd5+ Nxd5 26. Re6
Rf6 27. Re2 Nf1 28. g4 Nfe3 29. g5 Rf5 30. Bc1 Rf1+ 0-1

[Event "AUT-chT 0910"]
[Site "Austria"]
[Date "2010.03.30"]
[Round "11.5"]
[White "Bozinovic, Boban"]
[Black "Moser, Eva"]
[Result "1/2-1/2"]
[WhiteElo "2086"]
[BlackElo "2424"]
[PlyCount "84"]
[EventDate "2009.11.06"]
[EventType "team-tourn"]
[EventRounds "11"]
[EventCountry "AUT"]
[SourceTitle "EXT 2011"]
[Source "ChessBase"]
[SourceDate "2010.11.26"]
[SourceVersion "1"]
[SourceVersionDate "2010.11.26"]
[SourceQuality "1"]
[WhiteTeam "Pamhagen"]
[BlackTeam "Graz Styria"]
[WhiteTeamCountry "AUT"]
[BlackTeamCountry "AUT"]

1. Nf3 c5 2. e4 Nc6 3. d4 cxd4 4. Nxd4 e5 5. Nb5 d6 6. N1c3 a6 7. Na3 b5 8. Nd5
Be7 9. c4 b4 10. Nc2 Rb8 11. b3 Nf6 12. Bd3 Nd7 13. O-O Nc5 14. f4 exf4 15.
Bxf4 O-O 16. Nce3 Bg5 17. Bxg5 Qxg5 18. Nf5 Bxf5 19. Rxf5 Qd8 20. Bc2 Ne7 21.
Rh5 Nxd5 22. Rxd5 Qe7 23. e5 dxe5 24. Qh5 g6 25. Qxe5 Qxe5 26. Rxe5 Rbc8 27.
Rd1 Rfe8 28. Rdd5 Rxe5 29. Rxe5 Kg7 30. Kf2 Kf6 31. Rd5 h5 32. h4 Rc7 33. g3
Rc8 34. Bb1 Ne6 35. Be4 Rc5 36. Ke3 Rc7 37. Rd6 a5 38. Rd5 Nc5 39. Kd4 Ne6+ 40.
Ke3 Nc5 41. Kd4 Ne6+ 42. Ke3 Nc5 1/2-1/2

[Event "AUT-chT 0910"]
[Site "Austria"]
[Date "2010.03.29"]
[Round "10.5"]
[White "Moser, Eva"]
[Black "Kuba, Guenter"]
[Result "1-0"]
[WhiteElo "2424"]
[BlackElo "2395"]
[PlyCount "71"]
[EventDate "2009.11.06"]
[EventType "team-tourn"]
[EventRounds "11"]
[EventCountry "AUT"]
[SourceTitle "EXT 2011"]
[Source "ChessBase"]
[SourceDate "2010.11.26"]
[SourceVersion "1"]
[SourceVersionDate "2010.11.26"]
[SourceQuality "1"]
[WhiteTeam "Graz Styria"]
[BlackTeam "Fuerstenfeld"]
[WhiteTeamCountry "AUT"]
[BlackTeamCountry "AUT"]

1. d4 d5 2. c4 dxc4 3. Nf3 Nf6 4. Nc3 a6 5. e4 b5 6. e5 Nd5 7. a4 e6 8. axb5
Nb6 9. Be3 axb5 10. Rxa8 Nxa8 11. Nxb5 Nb6 12. Be2 Ba6 13. Nc3 Nc6 14. O-O Be7
15. Ne4 Nb4 16. Qb1 Qa8 17. Nc5 Bxc5 18. dxc5 N6d5 19. Qe4 c3 20. Bxa6 Qxa6 21.
bxc3 Qd3 22. Qxd3 Nxd3 23. Rd1 Nxe3 24. Rxd3 Nd5 25. Nd4 Kd7 26. c6+ Ke7 27.
Nf5+ exf5 28. Rxd5 Ke6 29. Rd7 Kxe5 30. Rxf7 g6 31. Rxc7 Kd6 32. Rg7 Kxc6 33.
h4 Kd6 34. Kf1 Ke5 35. Ke2 Kf4 36. Rd7 1-0

[Event "AUT-chT 0910"]
[Site "Austria"]
[Date "2010.03.28"]
[Round "9.5"]
[White "Schachinger, Mario"]
[Black "Moser, Eva"]
[Result "1/2-1/2"]
[WhiteElo "2350"]
[BlackElo "2424"]
[PlyCount "73"]
[EventDate "2009.11.06"]
[EventType "team-tourn"]
[EventRounds "11"]
[EventCountry "AUT"]
[SourceTitle "EXT 2011"]
[Source "ChessBase"]
[SourceDate "2010.11.26"]
[SourceVersion "1"]
[SourceVersionDate "2010.11.26"]
[SourceQuality "1"]
[WhiteTeam "Maria Saal"]
[BlackTeam "Graz Styria"]
[WhiteTeamCountry "AUT"]
[BlackTeamCountry "AUT"]

1. Nf3 c5 2. c4 Nc6 3. Nc3 e5 4. g3 g6 5. Bg2 Bg7 6. d3 d6 7. O-O Nge7 8. Ne1
a6 9. Nc2 O-O 10. Ne3 Rb8 11. a4 Nb4 12. Ned5 Nbxd5 13. Nxd5 Nxd5 14. Bxd5 Bh3
15. Re1 Be6 16. Bxe6 fxe6 17. e4 a5 18. Be3 b6 19. Rf1 Rb7 20. Ra3 Qe8 21. Qe2
h5 22. Rb3 Kh7 23. Bd2 Rff7 24. Rb5 Bf6 25. f4 Bd8 26. Qg2 Rbd7 27. Qh3 Rf8 28.
f5 exf5 29. exf5 Rxf5 30. Rxf5 gxf5 31. Qxf5+ Kg8 32. Bg5 Bc7 33. Bf6 Qf7 34.
Qg5+ Kh7 35. Qf5+ Kg8 36. Qg5+ Kh7 37. Qf5+ 1/2-1/2

[Event "AUT-chT 0910"]
[Site "Austria"]
[Date "2010.03.27"]
[Round "8.5"]
[White "Moser, Eva"]
[Black "Hausner, Ivan"]
[Result "1/2-1/2"]
[WhiteElo "2424"]
[BlackElo "2460"]
[PlyCount "82"]
[EventDate "2009.11.06"]
[EventType "team-tourn"]
[EventRounds "11"]
[EventCountry "AUT"]
[SourceTitle "EXT 2011"]
[Source "ChessBase"]
[SourceDate "2010.11.26"]
[SourceVersion "1"]
[SourceVersionDate "2010.11.26"]
[SourceQuality "1"]
[WhiteTeam "Graz Styria"]
[BlackTeam "Mayrhofen/Zillertal"]
[WhiteTeamCountry "AUT"]
[BlackTeamCountry "AUT"]

1. g3 g6 2. Bg2 Bg7 3. d4 c5 4. d5 d6 5. Nf3 Nf6 6. O-O O-O 7. Nc3 Na6 8. e4
Bg4 9. h3 Bxf3 10. Qxf3 Rb8 11. Qe2 Nc7 12. a4 b6 13. Nb5 Nxb5 14. axb5 Qc7 15.
Ra3 Nd7 16. c3 Rb7 17. Bg5 Re8 18. Rfa1 Qb8 19. Qc4 h6 20. Be3 Rc8 21. f4 Rcc7
22. e5 dxe5 23. d6 exd6 24. Bxb7 Qxb7 25. Rxa7 Qf3 26. Rxc7 Qxe3+ 27. Kg2 exf4
28. gxf4 Qd2+ 29. Kh1 Qe3 30. Kg2 Qd2+ 31. Kh1 Qe3 32. Qf1 Nf6 33. Re1 Qg3 34.
Ree7 Nh5 35. Rxf7 Qe3 36. Rxg7+ Nxg7 37. Qc4+ Kh7 38. Qf7 Qe1+ 39. Kg2 Qe2+ 40.
Kg1 Qe1+ 41. Kg2 Qe2+ 1/2-1/2

[Event "EU-ch (Women) 11th"]
[Site "Rijeka"]
[Date "2010.03.17"]
[Round "11"]
[White "Moser, Eva"]
[Black "Dembo, Yelena"]
[Result "0-1"]
[WhiteElo "2437"]
[BlackElo "2457"]
[PlyCount "118"]
[EventDate "2010.03.06"]
[EventType "swiss"]
[EventRounds "11"]
[EventCountry "CRO"]
[SourceTitle "CBM 135 Extra"]
[Source "ChessBase"]
[SourceDate "2010.05.04"]
[SourceVersion "1"]
[SourceVersionDate "2010.05.04"]
[SourceQuality "1"]

1. e4 c5 2. Nf3 Nc6 3. c3 d5 4. exd5 Qxd5 5. d4 Nf6 6. Be2 cxd4 7. cxd4 e6 8.
O-O Be7 9. Nc3 Qd6 10. Bg5 O-O 11. Qd2 Nd5 12. Nxd5 Qxd5 13. Bxe7 Nxe7 14. Ne5
Qd6 15. Bf3 Nd5 16. Nc4 Qd8 17. a4 b6 18. a5 Bb7 19. a6 Bc6 20. Ne5 Bb5 21.
Rfc1 Rc8 22. Rxc8 Qxc8 23. Be2 Bxe2 24. Qxe2 Qc7 25. g3 Rc8 26. h4 Ne7 27. Ra3
Nd5 28. Rf3 f6 29. Nd3 Qd6 30. Kh2 Rc7 31. Nf4 Nxf4 32. Rxf4 Qd5 33. Re4 Kf7
34. Qd3 Rc1 35. Qd2 Ra1 36. f3 Ra4 37. Qf4 Rc4 38. Qb8 Qd7 39. Qb7 Rc7 40. Qa8
Rc8 41. Qb7 Qxb7 42. axb7 Rb8 43. Re3 Rxb7 44. Rc3 Ke7 45. Rc8 Rd7 46. Ra8 Kd6
47. g4 Kd5 48. Rh8 h6 49. Re8 Kxd4 50. Rxe6 Kc4 51. Re2 Kb3 52. h5 a5 53. Kg3
a4 54. Kf4 Rd5 55. Re7 Kxb2 56. g5 Rxg5 57. Re2+ Kb3 58. Re3+ Kb4 59. Re4+ Ka5
0-1

[Event "EU-ch (Women) 11th"]
[Site "Rijeka"]
[Date "2010.03.16"]
[Round "10"]
[White "Moser, Eva"]
[Black "Javakhishvili, Lela"]
[Result "1-0"]
[WhiteElo "2437"]
[BlackElo "2492"]
[PlyCount "67"]
[EventDate "2010.03.06"]
[EventType "swiss"]
[EventRounds "11"]
[EventCountry "CRO"]
[SourceTitle "CBM 135 Extra"]
[Source "ChessBase"]
[SourceDate "2010.05.04"]
[SourceVersion "1"]
[SourceVersionDate "2010.05.04"]
[SourceQuality "1"]

1. e4 c5 2. Nf3 e6 3. c3 Nf6 4. e5 Nd5 5. d4 cxd4 6. cxd4 d6 7. Bc4 Nb6 8. Bd3
dxe5 9. Nxe5 Nc6 10. Nxc6 bxc6 11. Be3 g6 12. Nd2 Bg7 13. Nf3 Nd5 14. O-O Qb6
15. Qd2 Rb8 16. Bh6 O-O 17. Bxg7 Kxg7 18. b3 Qb4 19. Qe2 Bd7 20. Rac1 Rfd8 21.
Rc5 f6 22. Rfc1 Re8 23. h4 Rbc8 24. h5 Qb8 25. g3 e5 26. dxe5 Bg4 27. exf6+
Nxf6 28. h6+ Kxh6 29. Qb2 Nd7 30. Nh2 Be6 31. R1c4 g5 32. Rxg5 Rg8 33. Rh4+
Kxg5 34. Nf3# 1-0

[Event "EU-ch (Women) 11th"]
[Site "Rijeka"]
[Date "2010.03.15"]
[Round "9"]
[White "Chelushkina, Irina"]
[Black "Moser, Eva"]
[Result "0-1"]
[WhiteElo "2319"]
[BlackElo "2437"]
[PlyCount "172"]
[EventDate "2010.03.06"]
[EventType "swiss"]
[EventRounds "11"]
[EventCountry "CRO"]
[SourceTitle "CBM 135 Extra"]
[Source "ChessBase"]
[SourceDate "2010.05.04"]
[SourceVersion "1"]
[SourceVersionDate "2010.05.04"]
[SourceQuality "1"]

1. c4 e5 2. Nc3 Nc6 3. g3 Bb4 4. Bg2 Bxc3 5. dxc3 Nf6 6. b3 O-O 7. e4 d6 8. f3
a5 9. a4 Nd7 10. Nh3 Nc5 11. Be3 f5 12. Bxc5 dxc5 13. Qd5+ Kh8 14. Qxd8 Nxd8
15. Nf2 Nf7 16. O-O-O fxe4 17. Nxe4 b6 18. Rhe1 Bf5 19. Nf2 Rae8 20. Re3 g5 21.
g4 Bc8 22. Ne4 Kg7 23. Ng3 Nh8 24. Bf1 Ng6 25. Bd3 Nh4 26. Be4 Ng2 27. Red3 Nf4
28. R3d2 Re7 29. Kc2 Kf6 30. Rh1 Ng6 31. Nh5+ Kf7 32. Rhd1 Be6 33. Ng3 Kg8 34.
Rd8 Nh4 35. Rxf8+ Kxf8 36. Rd8+ Re8 37. Rd3 h6 38. Bc6 Rb8 39. Re3 Ke7 40. Be4
Rf8 41. Rd3 Bd7 42. Kb2 Rf6 43. Re3 Bc6 44. Bxc6 Rxc6 45. Ne4 Rg6 46. Ka3 Rg8
47. b4 cxb4+ 48. cxb4 Rf8 49. bxa5 bxa5 50. Nd2 Ke6 51. Rd3 Rf4 52. Kb3 Ng6 53.
Kc3 Ne7 54. Rd8 e4 55. fxe4 Rxg4 56. Ra8 Rh4 57. Ra6+ Kd7 58. Nb3 Rh3+ 59. Kc2
Rxh2+ 60. Kd1 g4 61. Nc5+ Ke8 62. Ke1 Rc2 63. Rxh6 Rxc4 64. Rh5 Kf7 65. Kf2 Kg6
66. Re5 Ng8 67. Re6+ Kh5 68. Rc6 Nf6 69. Rxf6 Rxc5 70. Ra6 Kh4 71. Ke3 g3 72.
Kf3 Rc3+ 73. Kf4 Kh3 74. Rxa5 c5 75. Ra8 Rc1 76. Kf3 Rf1+ 77. Ke2 Rf4 78. Rh8+
Kg2 79. Kd3 Kf2 80. Rg8 g2 81. Rxg2+ Kxg2 82. a5 Rf8 83. Kc4 Rc8 84. e5 Kf3 85.
e6 Ke4 86. a6 Ke5 0-1